| 000 | 00770cam a2200241 a 4500 | ||
|---|---|---|---|
| 001 | 000017364 | ||
| 003 | UkOxU | ||
| 005 | 20200929165107.0 | ||
| 008 | 500101s1969 mx 000 0 spa d | ||
| 035 | _aOCLC ocm00392506 from D950119M | ||
| 040 |
_aDO-SdBNP _bspa _cTEU _dOCL _dCDU _dEQO _dBNPHU |
||
| 082 |
_a972.91 _bA888e |
||
| 100 | 1 |
_aAub, Max _q(Max Aub Mohrenwitz), _d1903-1972. _938022 |
|
| 245 | 1 | 0 |
_aEnero en Cuba / _cMax Aub. |
| 260 |
_aMéxico : _bJoaquín Mortiz, _c1969. |
||
| 300 |
_a122 p. ; _c18 cm. |
||
| 490 | 1 | _aObras incompletas de Max Aub | |
| 651 | 4 |
_aCuba _xDescripciones Y Viajes _9495 |
|
| 651 | 4 |
_aCuba _xCivilización _y1959 _938023 |
|
| 830 | 0 |
_aObras incompletas de Max Aub. _917376 |
|
| 910 | _aCatalogación por copia /Oxford | ||
| 049 | _aBNGR | ||
| 999 |
_c16889 _d16889 |
||